Central Library || Chittagong University

A study of history ./ (Record no. 112739)

MARC details
000 -LEADER
fixed length control field 00430nam a22001697a 4500
003 - CONTROL NUMBER IDENTIFIER
control field BD-ChCU
005 - DATE AND TIME OF LATEST TRANSACTION
control field 20260506125850.0
008 - FIXED-LENGTH DATA ELEMENTS--GENERAL INFORMATION
fixed length control field 260506b bg ||||| |||| 00| 0 ben d
040 ## - CATALOGING SOURCE
Transcribing agency BD-ChCU
082 ## - DEWEY DECIMAL CLASSIFICATION NUMBER
Classification number 909.9 TOS
100 ## - MAIN ENTRY--PERSONAL NAME
Personal name Toynbee , Arnold J.
9 (RLIN) 22522
245 ## - TITLE STATEMENT
Title A study of history ./
Statement of responsibility, etc. Arnold J . Toynbee .
250 ## - EDITION STATEMENT
Edition statement 2nd ed.
260 ## - PUBLICATION, DISTRIBUTION, ETC.
Place of publication, distribution, etc. London :
Name of publisher, distributor, etc. O.U.P.
Date of publication, distribution, etc. C 1948
300 ## - PHYSICAL DESCRIPTION
Extent V. 1 - 6.
942 ## - ADDED ENTRY ELEMENTS (KOHA)
Source of classification or shelving scheme Dewey Decimal Classification
Koha item type Books
Suppress in OPAC No
Holdings
Withdrawn status Lost status Source of classification or shelving scheme Damaged status Not for loan Home library Current library Shelving location Date acquired Source of acquisition Total Checkouts Full call number Barcode Date last seen Copy number Price effective from Koha item type Public note
    Dewey Decimal Classification     Chittagong University Library Chittagong University Library Arts and Humanities Reading Room 05/06/2026 Purchase   909.9 TOS 36673 05/06/2026 C-1 05/06/2026 Books V.1:
    Dewey Decimal Classification     Chittagong University Library Chittagong University Library Arts and Humanities Reading Room 05/06/2026 Purchase   909.9 TOS 36676 05/06/2026 C-2 05/06/2026 Books V.4 :
    Dewey Decimal Classification     Chittagong University Library Chittagong University Library Arts and Humanities Reading Room 05/06/2026 Purchase   909.9 TOS 36677 05/06/2026 C-3 05/06/2026 Books V.5:
    Dewey Decimal Classification     Chittagong University Library Chittagong University Library Arts and Humanities Reading Room 05/06/2026 Purchase   909.9 TOS 36678 05/06/2026 C-4 05/06/2026 Books V.6:
© Copyright 2026. Chittagong University Library, Installation and Maintenance by Prof. Dr. Md. Alamgir, 01711306253